Welcome to WEB OPAC of MRSPTU Central Library

The world of SPA design v1 and v2 (Record no. 5710)

MARC details
000 -LEADER
fixed length control field 00395nam a2200169Ia 4500
008 - FIXED-LENGTH DATA ELEMENTS--GENERAL INFORMATION
fixed length control field 230711s9999||||xx |||||||||||||| ||und||
020 ## - INTERNATIONAL STANDARD BOOK NUMBER
International Standard Book Number 978-988-19735-8-0
041 ## - LANGUAGE CODE
Language code of text/sound track or separate title ENG
082 ## - DEWEY DECIMAL CLASSIFICATION NUMBER
Classification number 720
Item number LE-W
100 ## - MAIN ENTRY--PERSONAL NAME
Personal name Lee,Ying
245 #4 - TITLE STATEMENT
Title The world of SPA design v1 and v2
250 ## - EDITION STATEMENT
Edition statement 1st Ed.
260 ## - PUBLICATION, DISTRIBUTION, ETC.
Date of publication, distribution, etc. 2014
Place of publication, distribution, etc. Hong Kong
Name of publisher, distributor, etc. Artpower
300 ## - PHYSICAL DESCRIPTION
Extent 247
650 ## - SUBJECT ADDED ENTRY--TOPICAL TERM
Topical term or geographic name entry element Architecture
942 ## - ADDED ENTRY ELEMENTS (KOHA)
Koha item type Book
Holdings
Withdrawn status Lost status Damaged status Not for loan Collection Home library Current library Date acquired Total checkouts Full call number Barcode Date last seen Price effective from Koha item type
          MRSPTU Central Library MRSPTU Central Library 08/01/2042   720 LE-W 31003 08/17/2023 08/17/2023 Book
          MRSPTU Central Library MRSPTU Central Library 08/01/2042   720 LE-W 31004 08/17/2023 08/17/2023 Book

Website Designed and Developed by MRSPTU Central Library Team

E-mail Id: librarian@mrsptu.ac.in